[Event "Défi( 10J+24H/c 10J Max )"]
[Site "www.echecsemail.com"]
[Date "2026.02.08"]
[Round "1"]
[White "Tunnellavage"]
[Black "Snarf"]
[WhiteElo "1740"]
[BlackElo "1740"]
[Result "0-1"]
1.e4 e5
2.Ng1f3 Nb8c6
3.g3 b6
4.Bf1g2 Bc8b7
5.Nb1c3 Bf8b4
6.O-O Ng8f6
7.d3 Qd8e7
8.Bc1g5 h6
9.Nc3d5 Qe7d6
10.Bg5xf6 gxf6
11.c3 Bb4c5
12.b4 Bc5xb4
13.cxb4 Nc6xb4
14.Nd5xb4 Qd6xb4
15.Nf3h4 O-O-O
16.Nh4f5 Kb8
17.Qd1c2 Bb7a6
18.Ra1c1 Rd8c8
19.Nf5e3 c6
20.Bg2h3 Rh8d8
21.Rc1b1 Qb4d6
22.Rf1d1 Kb7
23.Ne3c4 Qd6c5
24.Rd1c1 d5
25.Nc4e3 Qc5xc2
26.Bh3xc8 Rd8xc8
27.Rc1xc2 Ba6xd3
28.Rb1b2 Bd3xc2
29.Rb2xc2 d4
30.Ne3c4 Rc8d8
31.Kg2 c5
32.Kh3 Ka6
33.Kg4 Rd8g8
34.Kf3 Rg8g7
35.h4 Kb5
36.Nc4d6 Kb4
37.Nd6f5 Rg7h7
38.g4 d3
39.Rc2d2 c4
40.Nf5d6 b5
41.Rd2b2 Kc3
42.Rb2xb5 d2
43.Rb5d5 Rh7h8
44.Nd6xf7 Rh8b8
45.Ke2 Rb8b2
46.a4 Rb2a2
47.Nf7xh6 Ra2xa4
48.Rd5xd2 Kb3
49.Nh6f5 c3
50.Rd2d8 Ra4xe4
{ abandon }0-1

[Event "Michael Tal 30"]
[Site "www.echecsemail.com"]
[Date "2026.02.08"]
[Round "1"]
[White "Karkaskat"]
[Black "Dameroi"]
[WhiteElo "2060"]
[BlackElo "1880"]
[Result "1-0"]
1.e4 e5
2.Ng1f3 Nb8c6
3.Bf1c4 Bf8c5
4.c3 d6
5.d4 exd4
6.cxd4 Bc5b6
7.O-O Ng8f6
8.Nb1c3 O-O
9.h3 Rf8e8
10.Rf1e1 Nc6e7
11.a4 Bc8e6
12.Bc4xe6 fxe6
13.a5 c6
14.axb6 Qd8xb6
15.Qd1c2 Qb6c7
16.Bc1f4 Ne7g6
17.Bf4h2 e5
18.dxe5 Ng6xe5
19.Nf3xe5 dxe5
20.Ra1d1 Ra8d8
21.Rd1xd8 Re8xd8
22.Re1d1 Rd8d7
23.Rd1xd7 Nf6xd7
24.Nc3d5 Qc7d6
25.Nd5e3 b6
26.Qc2d1 Qd6xd1
27.Ne3xd1 Kf7
28.f3 Ke6
29.Kf2 b5
30.Ke3 h6
31.f4 g6
32.fxe5 Nd7xe5
33.Bh2xe5 Kxe5
34.b4 g5
35.Nd1b2 a6
36.g4 { abandon }1-0

[Event "Jean 8"]
[Site "www.echecsemail.com"]
[Date "2026.02.08"]
[Round "1"]
[White "Woluwe1975"]
[Black "Turbo"]
[WhiteElo "1640"]
[BlackElo "1390"]
[Result "0-1"]
1.e4 e5
2.Ng1f3 Bf8d6
3.Bf1c4 Ng8f6
4.d3 a6
5.Bc4b3 O-O
6.O-O b5
7.Rf1e1 c5
8.c4 Bd6c7
9.Bc1g5 d6
10.Nb1c3 Nb8c6
11.Nc3d5 Nc6e7
12.Nd5xf6 gxf6
13.Bg5xf6 Bc8g4
14.Qd1d2 Ne7g6
15.Qd2h6 Qd8xf6
16.Nf3g5 Qf6h8
17.h3 Bg4h5
18.Qh6xh5 Ng6f4
19.Qh5g4 Nf4g6
20.h4 h5
21.Qg4d7 Bc7a5
22.Re1e2 Ra8d8
23.Qd7c6 Ng6xh4
24.Qc6xa6 Rd8a8
25.Qa6xd6 Qh8g7
26.f4 f6
27.cxb5 Kh8
28.Ng5e6 Qg7g4
29.Re2c2 Rf8e8
30.f5 Re8g8
31.Ne6f4 exf4
32.Qd6xf6 Rg8g7
33.Qf6h6 Rg7h7
34.Qh6f6 Qg4g7
35.Qf6xh4 Ba5b6
36.Bb3c4 Qg7d4
37.Kh2 Ra8g8
38.Bc4xg8 Kxg8
39.Qh4xf4 Bb6c7
{ abandon }0-1

[Event "Transval"]
[Site "www.echecsemail.com"]
[Date "2026.02.08"]
[Round "1"]
[White "Woluwe1975"]
[Black "Karting"]
[WhiteElo "1630"]
[BlackElo "1590"]
[Result "0-1"]
1.d4 Ng8f6
2.Nb1c3 d5
3.a3 c6
4.Ng1f3 Nb8d7
5.Bc1f4 e6
6.e3 Bf8e7
7.Bf1d3 Nd7f8
8.Nf3e5 Nf8g6
9.Bf4g3 Ng6xe5
10.dxe5 Nf6d7
11.b3 O-O
12.Qd1h5 g6
13.Qh5e2 Be7h4
14.O-O-O Bh4e7
15.f4 Be7xa3
16.Kb1 Qd8a5
17.Bg3e1 Ba3b4
18.Nc3a2 Bb4xe1
19.Rh1xe1 Nd7c5
20.b4 Qa5b6
21.b5 cxb5
22.Ka1 Qb6a5
23.Bd3xb5 a6
24.Bb5d3 Nc5a4
25.Qe2d2 Qa5xd2
26.Rd1xd2 Na4c5
27.e4 dxe4
28.Bd3xe4 Nc5xe4
29.Re1xe4 b5
30.h4 Bc8b7
31.Re4d4 Bb7d5
32.Na2b4 Rf8d8
33.Kb2 a5
34.Nb4xd5 Rd8xd5
35.Rd4xd5 exd5
36.Rd2xd5 b4
37.Rd5d1 Kf8
38.g3 Ke7
39.Kb3 Ra8c8
40.Rd1g1 Rc8c3
41.Kb2 a4
42.g4 Ke6
43.Rg1g2 Rc3f3
44.Rg2d2 Rf3xf4
45.Rd2g2 Kxe5
46.Rg2e2 Rf4e4
47.Re2g2 Kf4
48.g5 Kf3
49.Rg2h2 Kg3
50.Rh2h1 Re4xh4
51.Rh1xh4 Kxh4
{ abandon }0-1

[Event "Coupe Niveau 6"]
[Site "www.echecsemail.com"]
[Date "2026.02.08"]
[Round "1"]
[White "Carrighir"]
[Black "Nemesis"]
[WhiteElo "2100"]
[BlackElo "2240"]
[Result "0-1"]
1.e4 c5
2.d4 cxd4
3.c3 dxc3
4.Nb1xc3 Nb8c6
5.Ng1f3 d6
6.Bf1c4 a6
7.O-O Ng8f6
8.Qd1e2 Bc8g4
9.Rf1d1 e6
10.Bc1f4 Qd8b8
11.Ra1c1 Bf8e7
12.h3 Bg4xf3
13.Qe2xf3 O-O
14.Bc4b3 Rf8c8
15.Nc3a4 b5
16.Na4c3 Nc6e5
17.Bf4xe5 dxe5
18.g4 h6
19.Kh1 Qb8b7
20.Bb3c2 Nf6h7
21.Kh2 Be7g5
22.Rc1b1 b4
{ abandon }0-1

[Event "Tournoi échelle"]
[Site "www.echecsemail.com"]
[Date "2026.02.08"]
[Round "1"]
[White "Eldiablo90"]
[Black "Elghribi"]
[WhiteElo "2790"]
[BlackElo "1910"]
[Result "1-0"]
1.e4 d6
2.d4 Ng8f6
3.Nb1c3 g6
4.Bf1c4 Bf8g7
5.Qd1e2 O-O
6.e5 dxe5
7.dxe5 Nf6g4
8.f4 Ng4h6
9.Ng1f3 e6
10.Bc1e3 c6
11.Ra1d1 Qd8e7
12.Nc3e4 b6
13.Be3f2 Rf8d8
14.O-O a5
15.Bf2h4 { abandon }1-0

[Event "Tournoi échelle champions"]
[Site "www.echecsemail.com"]
[Date "2026.02.08"]
[Round "1"]
[White "Elghribi"]
[Black "Pgo"]
[WhiteElo "1910"]
[BlackElo "1760"]
[Result "1-0"]
1.e4 e5
2.Ng1f3 Nb8c6
3.Bf1b5 d6
4.h3 Bc8d7
5.c3 Ng8f6
6.O-O Bf8e7
7.Rf1e1 O-O
8.Bb5a4 a6
9.d3 b5
10.Ba4c2 h6
11.Nb1d2 g5
12.Nf3h2 Kg7
13.Nd2f1 Nf6h7
14.Nf1g3 f5
15.exf5 Bd7xf5
16.Ng3xf5 Rf8xf5
17.d4 Rf5f7
18.Qd1d3 Qd8g8
19.Qd3g6 Kf8
20.Qg6xh6 Ke8
21.Nh2g4 Qg8g7
22.Qh6h5 Kd7
23.Ng4h6 Rf7f8
24.Nh6f5 Qg7f7
25.Qh5g4 Qf7e6
26.d5 Qe6xd5
27.Bc2b3 Qd5c5
28.Nf5d4 Ke8
29.Qg4h5 Kd7
30.Bb3e6 Kd8
31.Nd4xc6 Qc5xc6
32.Qh5xh7 Qc6e8
33.Qh7e4 c6
34.Qe4g4 Be7f6
35.Bc1xg5 Qe8e7
36.Bg5xf6 Qe7xf6
37.f3 Ke7
38.Be6b3 a5
39.Bb3c2 a4
40.Kh2 Rf8g8
41.Qg4e4 Kd7
42.Qe4f5 Qf6xf5
43.Bc2xf5 Kc7
44.Ra1d1 Ra8f8
45.Bf5g4 c5
46.Bg4e6 Rg8g7
47.Rd1d2 c4
48.Rd2d5 Kc6
49.Re1d1 Rf8d8
50.Be6f5 Rg7g5
51.Bf5e4 Kc7
52.Rd5xb5 Rd8g8
53.Rd1d2 Rg8d8
54.Rb5b4 a3
55.Rb4xc4 Kb6
56.b3 Kb5
57.Rc4b4 Kc5
58.Rd2d5 Kc6
59.Rd5xe5 d5
60.Re5xg5 dxe4
61.fxe4 Rd8d2
62.Rb4a4 Rd2xa2
63.c4 Ra2b2
64.b4 a2
65.b5 Kb6
66.Ra4a6 Kb7
67.Rg5g7 Kb8
68.Ra6h6 Rb2xg2
69.Kxg2 a1Q
70.Rh6h8 1-0

[Event "OAHU 2"]
[Site "www.echecsemail.com"]
[Date "2026.02.08"]
[Round "1"]
[White "Woluwe1975"]
[Black "Brettsinclair"]
[WhiteElo "1660"]
[BlackElo "1910"]
[Result "0-1"]
1.f4 c5
2.Ng1f3 g6
3.e4 Bf8g7
4.c3 Ng8f6
5.d3 d5
6.e5 Nf6g4
7.d4 cxd4
8.cxd4 h5
9.Nb1c3 Nb8c6
10.Bf1b5 a6
11.Bb5e2 Ng4h6
12.Nf3g5 Nh6f5
13.Qd1a4 O-O
14.Be2f3 e6
15.Nc3e2 Bg7h6
16.Bc1d2 b5
17.Qa4c2 Nc6xd4
18.Ne2xd4 Nf5xd4
19.Qc2d1 Bh6xg5
20.fxg5 Nd4c6
21.O-O Nc6xe5
22.Bf3xh5 Kg7
23.Bd2c3 Qd8xg5
24.Bh5f3 Kh7
25.Bc3d2 Qg5d8
26.Bf3e2 Bc8b7
27.Bd2f4 Ne5c4
28.b3 Nc4b6
29.Ra1c1 Nb6d7
30.Qd1d4 Ra8c8
31.Rf1f3 Rc8xc1
32.Bf4xc1 e5
33.Rf3h3 Kg8
34.Qd4h4 Qd8xh4
35.Rh3xh4 Rf8c8
36.Bc1e3 Rc8c2
37.Be2g4 f5
38.Bg4f3 Rc2xa2
39.b4 e4
40.Be3d4 exf3
41.gxf3 Ra2a3
42.Rh4h8 Kf7
43.Rh8h7 Ke8
44.Rh7h8 Ke7
45.Rh8h6 Nd7f8
46.Rh6h8 Kf7
47.Rh8h4 Ra3xf3
48.Kg2 Rf3b3
49.Bd4c5 Bb7c8
50.Bc5xf8 Kxf8
51.Rh4h8 Kg7
52.Rh8xc8 Rb3xb4
53.Rc8a8 Rb4a4
54.Kf2 b4
55.Ra8a7 Kf6
56.Ra7b7 Ke5
57.Rb7g7 Kf6
58.Rg7b7 d4
59.Ke2 Ke5
60.Kd3 Ra4a3
61.Kd2 b3
{ abandon }0-1

[Event "Eq:fouschess-Les Rois du Succes :"]
[Site "www.echecsemail.com"]
[Date "2026.02.08"]
[Round "1"]
[White "Anton17"]
[Black "4x4"]
[WhiteElo "1370"]
[BlackElo "1470"]
[Result "1-0"]
1.e4 e5
2.f4 d6
3.f5 f6
4.Qd1h5 Kd7
5.Nb1c3 Nb8c6
6.Bf1b5 a6
7.Bb5a4 Ng8e7
8.Ng1f3 b5
9.Ba4b3 Nc6a5
10.Bb3e6 Kc6
11.Be6d5 Ne7xd5
12.exd5 Kb7
13.d3 c5
14.Bc1e3 Bf8e7
15.Be3g1 Bc8d7
16.O-O-O Bd7e8
17.Qh5h4 b4
18.Nc3e4 g6
19.fxg6 Be8xg6
20.Bg1e3 f5
21.Ne4g5 f4
22.Be3d2 Rh8g8
23.Qh4h6 Be7f8
24.Qh6h4 Bf8e7
25.Qh4h6 Be7f6
26.Ng5xh7 Bg6xh7
27.Qh6xh7 Qd8c7
28.Qh7xc7 Kxc7
29.Rh1g1 Na5b7
30.g3 a5
31.gxf4 Rg8xg1
32.Rd1xg1 Ra8f8
33.fxe5 Bf6xe5
34.Nf3xe5 dxe5
35.c4 Nb7d6
36.h4 Nd6f5
37.h5 Rf8h8
38.Rg1g5 Kd6
39.Rg5xf5 Rh8g8
40.Rf5f6 Ke7
41.Rf6e6 Kf7
42.Re6xe5 Kf6
43.Re5e6 Kf7
44.Re6c6 Rg8g3
45.Kc2 Kg7
46.Rc6xc5 a4
47.Bd2xb4 Kh6
48.d6 Rg3g2
49.Bb4d2 Kh7
50.d7 Rg2g8
51.Rc5c8 Rg8g7
52.d8Q Rg7f7
53.Qd8h8 1-0

[Event "Coupe Niveau 6"]
[Site "www.echecsemail.com"]
[Date "2026.02.09"]
[Round "1"]
[White "Superlolo83"]
[Black "Alain64"]
[WhiteElo "1950"]
[BlackElo "2110"]
[Result "0-1"]
1.d4 Ng8f6
2.c4 e6
3.Nb1c3 Bf8b4
4.Bc1d2 d5
5.e3 c5
6.a3 Bb4xc3
7.Bd2xc3 Nb8c6
8.dxc5 O-O
9.cxd5 exd5
10.Ng1f3 Nf6e4
11.Ra1c1 Bc8g4
12.Bf1e2 Rf8e8
13.O-O a6
14.b4 Ne4xc3
15.Rc1xc3 Qd8f6
16.Rc3d3 Bg4e6
17.Qd1a1 Qf6xa1
18.Rf1xa1 Re8d8
19.Rd3d2 h6
20.h3 g5
21.Ra1d1 Kf8
 { temps }0-1

[Event "Tournoi n27427"]
[Site "www.echecsemail.com"]
[Date "2026.02.09"]
[Round "1"]
[White "Hermite"]
[Black "Albescab"]
[WhiteElo "1550"]
[BlackElo "1600"]
[Result "1-0"]
1.e4 e5
2.d3 d6
3.Ng1f3 Bc8g4
4.Bf1e2 Ng8f6
5.h3 Bg4h5
6.b3 Nb8c6
7.Bc1b2 Bf8e7
8.Nb1c3 O-O
9.Nf3h4 Bh5xe2
10.Nc3xe2 Nf6xe4
11.dxe4 Be7xh4
12.O-O Qd8f6
13.Bb2c1 Nc6b4
14.f4 Qf6e6
15.f5 Qe6d7
16.c3 Nb4c6
17.Bc1e3 Nc6e7
18.c4 c6
19.Qd1d2 d5
20.Be3g5 Bh4xg5
21.Qd2xg5 h6
22.Qg5g3 Qd7d6
23.f6 Ne7g6
24.fxg7 Kxg7
25.Qg3g4 d4
26.Ne2g3 Kh7
27.Ng3f5 Qd6d8
28.Qg4h5 Ng6f4
29.Qh5xh6 { abandon }1-0

[Event "Eq:Royal Kids-Avalon :"]
[Site "www.echecsemail.com"]
[Date "2026.02.09"]
[Round "1"]
[White "Skalfa"]
[Black "Di67"]
[WhiteElo "1850"]
[BlackElo "1360"]
[Result "1-0"]
1.e4 e5
2.Ng1f3 Nb8c6
3.Nb1c3 Ng8f6
4.Bf1e2 Bf8c5
5.O-O d6
6.h3 O-O
7.d3 Nf6h5
8.Nf3h2 g6
9.Be2xh5 Nc6e7
10.Bh5e2 a6
11.Nh2g4 f5
12.Ng4f6 Rf8xf6
13.Bc1g5 Rf6f7
14.Nc3d5 c6
15.Nd5xe7 Rf7xe7
16.Bg5xe7 Qd8xe7
17.c3 b5
18.a4 f4
19.axb5 cxb5
20.Ra1a2 a5
21.b4 Bc5b6
22.bxa5 Bb6xa5
23.Qd1b1 Bc8d7
24.Qb1b2 Qe7d8
25.Rf1a1 g5
26.Be2g4 Bd7c6
27.Bg4f5 d5
28.Qb2b3 Kf8
29.Bf5xh7 Kg7
30.Bh7f5 d4
31.cxd4 exd4
32.Qb3e6 Bc6e8
33.Qe6e5 Kh6
34.Qe5h8 1-0

[Event "CC Jan26 Asc(1/2)"]
[Site "www.echecsemail.com"]
[Date "2026.02.09"]
[Round "1"]
[White "Woluwe1975"]
[Black "Brettsinclair"]
[WhiteElo "1640"]
[BlackElo "1910"]
[Result "1-0"]
1.d4 Ng8f6
2.Nb1c3 d5
3.e3 c5
4.h3 Nb8c6
5.Bf1b5 e6
6.Ng1f3 Bc8d7
7.Bb5xc6 Bd7xc6
8.Nf3e5 Bf8d6
9.f4 c4
10.Bc1d2 Nf6e4
11.Nc3xe4 Bd6xe5
12.fxe5 dxe4
13.O-O Bc6b5
14.c3 O-O
15.Bd2e1 Qd8d7
16.Be1h4 Qd7e8
17.Qd1g4 Bb5d7
18.Bh4f6 g6
19.Qg4g5 Qe8d8
20.Qg5h6 Qd8xf6
21.exf6 Kh8
22.Qh6g7 1-0

[Event "HAWAII  2"]
[Site "www.echecsemail.com"]
[Date "2026.02.09"]
[Round "1"]
[White "Brettsinclair"]
[Black "Skalfa"]
[WhiteElo "1890"]
[BlackElo "1880"]
[Result "1-0"]
1.b4 e5
2.Bc1b2 d6
3.Ng1f3 Ng8f6
4.a3 Bf8e7
5.e3 Bc8f5
6.c4 O-O
7.Bf1e2 Nf6g4
8.O-O Nb8d7
9.h3 Ng4h6
10.d4 exd4
11.Bb2xd4 c5
12.bxc5 dxc5
13.Bd4c3 a6
14.Nb1d2 Qd8c7
15.e4 Bf5e6
16.Rf1e1 Be7f6
17.Bc3xf6 gxf6
18.Nd2f1 Nd7e5
19.Nf1e3 Kh8
20.Nf3xe5 fxe5
21.Ne3d5 Be6xd5
22.exd5 Qc7d6
23.Qd1d2 Rf8g8
24.Ra1b1 Ra8b8
25.Qd2a5 Qd6g6
26.Be2f1 Qg6h5
27.Qa5xc5 Qh5xh3
28.g3 Rg8xg3
29.fxg3 Qh3xg3
30.Bf1g2 Nh6g4
31.d6 f6
32.Rb1d1 Rb8g8
33.Qc5d5 Ng4e3
34.Re1xe3 Qg3xe3
35.Kh2 Rg8g6
36.Qd5f3 Qe3h6
37.Kg1 Qh6f8
38.Qf3d5 Rg6g7
39.d7 Qf8d8
40.Qd5xb7 a5
41.Qb7c8 Rg7g8
42.Qc8xd8 Rg8xd8
43.Bg2h3 Kg7
44.Rd1d5 Kf7
45.Rd5xa5 h5
46.Ra5c5 e4
47.Rc5c8 Ke7
48.Rc8xd8 Kxd8
49.a4 h4
50.a5 { abandon }1-0

[Event "La Diagonale du fou 8"]
[Site "www.echecsemail.com"]
[Date "2026.02.09"]
[Round "1"]
[White "Tahar"]
[Black "Filosofia"]
[WhiteElo "1960"]
[BlackElo "2060"]
[Result "1-0"]
1.e4 c6
2.d4 d5
3.exd5 cxd5
4.Ng1f3 Ng8f6
5.Bf1e2 Bc8g4
6.O-O e6
7.c3 Nb8c6
8.Bc1g5 Bf8e7
9.Nb1d2 O-O
10.h3 Bg4f5
11.Nd2b3 b6
12.Be2b5 Qd8c7
13.Bb5xc6 Qc7xc6
14.Nf3e5 Qc6c7
15.Bg5f4 Be7d6
16.Nb3d2 b5
17.Qd1f3 Nf6e4
18.Nd2xe4 Bf5xe4
19.Qf3g4 Be4f5
20.Qg4g3 f6
21.Ne5g6 Bd6xf4
22.Ng6xf4 Qc7f7
23.Nf4d3 Bf5xd3
24.Qg3xd3 Qf7d7
25.Rf1e1 a5
26.a3 Rf8c8
27.f3 g6
28.Qd3e2 Kf7
29.Kf2 Rc8c4
30.g4 g5
31.Qe2d3 Kg7
32.Re1h1 h6
33.h4 Ra8h8
34.hxg5 fxg5
35.Qd3e3 Rc4c8
36.Rh1h5 Kg6
37.Ra1h1 Rc8f8
38.Qe3d3 Kg7
39.Qd3f1 Qd7f7
40.Rh1h3 Qf7f4
41.Qf1e2 Rf8f6
42.Kg2 Rh8e8
43.Rh3h1 e5
44.Rh1f1 e4
45.Rh5h3 exf3
46.Qe2xf3  { temps }1-0

[Event "Défi"]
[Site "www.echecsemail.com"]
[Date "2026.02.09"]
[Round "1"]
[White "Verson"]
[Black "Chomi64"]
[WhiteElo "1880"]
[BlackElo "1860"]
[Result "0-1"]
1.d4 e5
2.e3 e4
3.c4 Ng8f6
4.Nb1c3 d5
5.cxd5 a6
6.Qd1c2 Qd8e7
7.Ng1e2 g5
8.Ne2g3 h5
9.Ng3xe4 Nb8d7
10.Bf1d3 Nd7b6
11.O-O Nf6xd5
12.Bc1d2 Nd5b4
13.Qc2b1 Nb4xd3
14.Qb1xd3 Qe7d8
15.Ra1d1 c6
16.Ne4c5 Bf8xc5
17.Nc3e2 Bc5d6
18.b3 Bc8e6
19.Rd1c1 Qd8f6
20.e4 Qf6g7
21.f3 Ra8d8
22.Qd3c3 Rd8c8
23.e5 Bd6a3
24.Rc1c2 Be6f5
25.Ne2g3 Bf5xc2
26.Qc3xc2 Nb6d5
27.Ng3f5 Qg7g6
28.Rf1e1 Nd5e7
29.g4 hxg4
30.Nf5d6 Ba3xd6
31.Qc2xg6 Ne7xg6
32.exd6 Kd7
33.fxg4 f6
34.Kg2 Kxd6
35.Bd2c3 Rh8h4
36.h3 Ng6f4
37.Kf1 Rh4xh3
38.Bc3d2 Rc8h8
{ abandon }0-1

[Event "Noël 2025 n1"]
[Site "www.echecsemail.com"]
[Date "2026.02.09"]
[Round "1"]
[White "Patrick"]
[Black "Lancien57"]
[WhiteElo "1550"]
[BlackElo "1430"]
[Result "0-1"]
1.e4 e5
2.Ng1f3 d6
3.Bf1c4 Bf8e7
4.h3 h6
5.d3 Ng8f6
6.c3 Bc8d7
7.O-O Nb8c6
8.b4 a6
9.Bc1e3 O-O
10.Nb1d2 b5
11.Bc4d5 Ra8b8
12.a4 bxa4
13.Ra1xa4 Qd8c8
14.Nd2c4 Nc6a7
15.Qd1d2 c6
16.Be3xa7 Rb8a8
17.Nc4b6 Qc8b7
18.Nb6xd7 Nf6xd7
19.Ba7e3 cxd5
20.Rf1c1 Be7d8
21.c4 Bd8f6
22.cxd5 Rf8c8
23.Rc1b1 Nd7b6
24.Ra4a3 Qb7a7
25.b5 a5
26.h4 Bf6d8
27.h5 a4
28.g4 Rc8b8
29.d4 Nb6c4
30.Qd2d3 Nc4xa3
31.Qd3xa3 Qa7d7
32.Nf3h2 Rb8xb5
33.Rb1xb5 Qd7xb5
34.Qa3xd6 f6
35.dxe5 Qb5b1
36.Kg2 Qb1xe4
37.Kh3 Qe4xe5
38.Qd6c6 Ra8a5
39.d6 a3
40.Qc6c4 Kh8
41.d7 a2
42.Be3d4 Qe5f4
43.Qc4b4 a1Q
44.Qb4f8 Kh7
45.Bd4xa1 Ra5xa1
46.Qf8xd8 Ra1h1
47.Kg2 Rh1xh2
{ abandon }0-1

[Event "Défi"]
[Site "www.echecsemail.com"]
[Date "2026.02.09"]
[Round "1"]
[White "Gambitor"]
[Black "Kawa750"]
[WhiteElo "1530"]
[BlackElo "1590"]
[Result "0-1"]
1.d4 e6
2.c4 c5
3.Nb1c3 d5
4.cxd5 exd5
5.Ng1f3 Ng8f6
6.Bc1g5 Bf8e7
7.e3 h6
8.Bg5h4 c4
9.Bf1e2 Bc8e6
10.O-O O-O
11.Rf1e1 a6
12.Nf3e5 Nf6d7
13.Bh4xe7 Qd8xe7
14.b3 Nd7xe5
15.dxe5 Nb8c6
16.Nc3xd5 Qe7g5
17.Nd5f4 Ra8d8
18.Qd1c2 cxb3
19.axb3 Nc6xe5
20.Nf4xe6 fxe6
21.f4 Qg5f5
22.fxe5 Qf5xc2
{ abandon }0-1

[Event "Défi"]
[Site "www.echecsemail.com"]
[Date "2026.02.09"]
[Round "1"]
[White "Tartu"]
[Black "Chomi64"]
[WhiteElo "1740"]
[BlackElo "1830"]
[Result "0-1"]
1.e4 c5
2.Ng1f3 Nb8c6
3.Bf1c4 h6
4.O-O d6
5.Nb1c3 Bc8g4
6.h3 Bg4h5
7.Bc4e2 Ng8f6
8.d3 g5
9.Bc1e3 g4
10.hxg4 Bh5xg4
11.Nf3h2 Bg4d7
12.Nh2f3 Nf6g4
13.Nf3h2 Ng4xh2
14.Kxh2 e6
15.g3 Qd8f6
16.Kg2 O-O-O
17.a3 Rh8g8
18.Be2g4 Qf6g6
19.Bg4h3 h5
20.Rf1g1 Bf8e7
21.Kh2 Qg6f6
22.f4 Nc6d4
23.Be3xd4 Qf6xd4
24.Ra1b1 h4
25.g4 Qd4f2
26.Kh1 Qf2xf4
27.Qd1e2 Rd8f8
28.Rb1f1 Qf4g5
29.b4 a6
30.bxc5 dxc5
31.e5 Bd7c6
32.Kh2 Be7d8
33.Rf1f2 Bd8c7
34.Rg1e1 f6
35.Nc3e4 Qg5xe5
36.Kg1 Bc6xe4
37.Qe2xe4 Qe5g3
38.Qe4g2 Qg3d6
39.Re1f1 Rg8g6
40.Qg2h2 Qd6xh2
41.Rf2xh2 Bc7xh2
42.Kxh2 Kc7
43.c4 Rf8d8
44.Rf1f3 Kd6
45.Rf3f4 Kc7
46.Bh3f1 Rd8d4
47.Rf4xd4 cxd4
48.Kh3 Rg6h6
49.a4 Kb6
50.Bf1e2 Ka5
51.Be2d1 Kb4
52.Bd1c2 Kc3
53.Bc2b1 Kb2
{ abandon }0-1

[Event "Défi( 10J+24H/c 10J Max )"]
[Site "www.echecsemail.com"]
[Date "2026.02.09"]
[Round "1"]
[White "Minon"]
[Black "Poison"]
[WhiteElo "1910"]
[BlackElo "1070"]
[Result "1-0"]
1.e4 e5
2.Ng1f3 d6
3.d4 exd4
4.Nf3xd4 Ng8f6
5.Nb1c3 Nb8c6
6.Nd4xc6 Qd8d7
7.Nc6d4 Bf8e7
8.Nd4f5 O-O
9.Nf5xe7 Qd7xe7
10.Bc1g5 h6
11.Bg5xf6 Qe7xf6
12.Qd1f3 Qf6xf3
13.gxf3 Bc8e6
14.f4 d5
15.exd5 Be6f5
16.O-O-O Bf5g4
17.Bf1e2 Bg4f5
18.Nc3b5 a6
19.Nb5d4 Bf5e4
20.f3 Be4xd5
21.Nd4f5 Bd5xa2
22.b3 Ba2xb3
23.cxb3 Rf8e8
24.Rd1e1 c5
25.Rh1g1 Kh7
26.Rg1xg7 Kh8
27.Rg7xf7 Kg8
28.Rf7xb7 Re8e3
29.Be2c4 Kh8
30.Re1xe3 Ra8f8
31.Rb7f7 Rf8g8
32.Nf5xh6 Rg8g1
33.Kc2 Rg1g2
34.Re3e2 Rg2g6
35.Re2e8 Rg6g8
36.Re8xg8 1-0

[Event "Tournoi n27419"]
[Site "www.echecsemail.com"]
[Date "2026.02.09"]
[Round "1"]
[White "Legrillon"]
[Black "Verson"]
[WhiteElo "1750"]
[BlackElo "1810"]
[Result "1-0"]
1.e4 e6
2.d4 d5
3.exd5 exd5
4.Nb1c3 Ng8f6
5.Bc1g5 Bf8e7
6.h3 O-O
7.Bf1d3 Bc8e6
8.Ng1f3 h6
9.Bg5h4 c6
10.O-O Nb8d7
11.Nf3e5 Nd7xe5
12.dxe5 Nf6d7
13.Bh4xe7 Qd8xe7
14.Rf1e1 Qe7g5
15.Kh2 Nd7xe5
16.Bd3e2 Ra8d8
17.Qd1d4 Rf8e8
18.f4 Qg5g6
19.fxe5 Be6f5
20.Be2d3 Bf5xd3
21.cxd3 Re8e6
22.Re1e3 b6
23.b4 Qg6g5
24.Ra1e1 Re6g6
25.Re1e2 Rd8e8
26.h4 Qg5g4
27.Qd4xg4 Rg6xg4
28.g3 Re8e6
29.Kh3 Rg4g6
30.d4 h5
31.Re3f3 Rg6g4
32.Rf3f4 Re6g6
33.Rf4xg4 Rg6xg4
34.Re2d2 Rg4e4
35.Nc3xe4 Kf8
36.Ne4g5 { abandon }1-0

[Event "Coupe Niveau 7"]
[Site "www.echecsemail.com"]
[Date "2026.02.09"]
[Round "1"]
[White "Dedechecs"]
[Black "Verson"]
[WhiteElo "2180"]
[BlackElo "1870"]
[Result "1-0"]
1.e4 e6
2.d4 d5
3.e5 c5
4.c3 Nb8c6
5.Ng1f3 Qd8b6
6.Bf1d3 cxd4
7.O-O dxc3
8.Nb1xc3 Ng8e7
9.Rf1e1 Ne7g6
10.h4 Ng6xe5
11.Nf3xe5 Bf8e7
12.h5 Be7f6
13.Ne5xc6 bxc6
14.Qd1c2 O-O
15.Bd3xh7 Kh8
16.Bh7d3 e5
17.Bd3f5 Bc8b7
18.Nc3a4 Qb6c7
19.Na4c5 Ra8d8
20.Bc1d2 Bb7c8
21.Ra1c1 Bc8xf5
22.Qc2xf5 Qc7e7
23.Nc5d3 Qe7d7
24.Qf5xd7 Rd8xd7
25.Nd3xe5 Bf6xe5
26.Re1xe5 Rd7d6
27.Re5e7 Kg8
28.Re7xa7 Rd6e6
29.Bd2e3 Rf8c8
30.b4 Rc8b8
31.a3 Rb8e8
32.Ra7c7 Re8e7
33.Rc7xe7 Re6xe7
34.Rc1xc6 Re7d7
35.Be3d4 f6
36.a4 Kf7
37.b5 { abandon }1-0

[Event "Tournoi n27422"]
[Site "www.echecsemail.com"]
[Date "2026.02.09"]
[Round "1"]
[White "Patbe"]
[Black "Hermite"]
[WhiteElo "1530"]
[BlackElo "1570"]
[Result "0-1"]
1.d4 d5
2.c4 dxc4
3.Qd1a4 b5
4.Qa4xb5 Bc8d7
5.Qb5xc4 Ng8f6
6.f3 e6
7.Bc1g5 c6
8.Bg5xf6 Qd8xf6
9.Nb1d2 Bf8e7
10.Qc4b3 O-O
11.e3 c5
12.Qb3b7 Bd7c6
13.Qb7b3 cxd4
14.exd4 Nb8d7
15.Ng1e2 Ra8b8
16.Qb3d3 Nd7b6
17.b3 Nb6d5
18.a3 Bc6b5
19.Nd2c4 Nd5f4
20.Ne2xf4 Qf6xf4
21.g3 Qf4g5
22.Bf1h3 Rf8d8
23.f4 Qg5d5
24.Rh1g1 Bb5xc4
25.Qd3xc4 Qd5e4
26.Qc4e2 Qe4xd4
27.Ra1d1 Qd4xg1
28.Bh3f1 Rb8xb3
29.Rd1xd8 Be7xd8
30.Qe2d2 Rb3b1
31.Ke2 Qg1xf1
32.Ke3 Rb1b3
33.Ke4 Qf1c4
{ abandon }0-1

[Event "Eq:Les Rois du Succes-Royal Kids :"]
[Site "www.echecsemail.com"]
[Date "2026.02.09"]
[Round "1"]
[White "Regor"]
[Black "Shoryuken59"]
[WhiteElo "2000"]
[BlackElo "2090"]
[Result "1-0"]
1.d4 Ng8f6
2.c4 e6
3.Nb1c3 d5
4.cxd5 exd5
5.Ng1f3 Bf8b4
6.Qd1c2 O-O
7.e3 Nb8c6
8.h3 Rf8e8
9.Bf1d3 Nf6e4
10.O-O Bc8f5
11.a3 Bb4xc3
12.bxc3 Qd8e7
13.c4 dxc4
14.Qc2xc4 Ne4d6
15.Qc4c2 Bf5xd3
16.Qc2xd3 Qe7e4
17.Rf1d1 Qe4xd3
18.Rd1xd3 Nd6e4
19.Bc1b2 Nc6a5
20.Ra1c1 Ra8c8
21.Nf3e5 f6
22.Ne5c4 Na5xc4
23.Rc1xc4 Ne4d6
24.Rc4c1 b5
25.Rc1c6 Nd6c4
26.Bb2c1 Nc4e5
27.dxe5 fxe5
28.Bc1b2 e4
29.Rd3d7 Rc8d8
30.Rd7xg7 { abandon }1-0

[Event "Défi"]
[Site "www.echecsemail.com"]
[Date "2026.02.09"]
[Round "1"]
[White "Malvina"]
[Black "Scipio"]
[WhiteElo "1270"]
[BlackElo "1380"]
[Result "1-0"]
1.d4 d5
2.Nb1c3 Ng8f6
3.Ng1f3 e6
4.Nf3e5 Nb8c6
5.e4 dxe4
6.Nc3b5 Bf8b4
7.c3 Bb4a5
8.Bc1g5 h6
9.Bg5h4 a6
10.Nb5a3 Nc6xd4
11.Na3c4 Nd4f5
12.Bh4g3 Ba5b6
13.Nc4xb6 cxb6
14.Qd1e2 b5
15.c4 Nf5d4
16.Qe2d1 b6
17.Bf1e2 Nd4xe2
18.Qd1xe2 Bc8b7
19.Ra1d1 Qd8e7
20.O-O h5
21.b4 Qe7xb4
22.Qe2e3 bxc4
23.Rd1d4 a5
24.Rf1d1 Ke7
25.Bg3h4 Ra8d8
26.Rd4d7 Rd8xd7
27.Qe3e2 Rd7c7
28.h3 Bb7a6
29.Bh4xf6 Kxf6
30.f4 Ba6b5
31.Qe2xe4 Bb5c6
32.Qe4e3 Bc6b7
33.Qe3g3 c3
34.Qg3g5 1-0

[Event "CHATURANGA"]
[Site "www.echecsemail.com"]
[Date "2026.02.09"]
[Round "1"]
[White "Leredoutable"]
[Black "Legrillon"]
[WhiteElo "1750"]
[BlackElo "1780"]
[Result "0-1"]
1.e4 e5
2.Ng1f3 Ng8f6
3.Bf1c4 d6
4.Nf3g5 Bc8e6
5.Bc4xe6 fxe6
6.Ng5xe6 Qd8e7
7.Ne6g5 h6
8.Ng5f3 Nf6xe4
9.d3 Ne4f6
10.Bc1e3 Qe7d7
11.O-O Bf8e7
12.Nb1c3 c5
13.Rf1e1 O-O
14.Nc3e4 Nf6xe4
15.dxe4 Nb8c6
16.Be3xc5 Rf8f4
17.g3 Rf4f6
18.Qd1d5 Kh8
19.b4 b6
20.Bc5e3 Rf6xf3
21.Kg2 Ra8f8
22.b5 Nc6b4
23.Qd5c4 d5
24.exd5 Nb4xd5
25.Ra1d1 Nd5xe3
26.fxe3 Rf3f2
27.Kg1 Qd7h3
28.Qc4g8 Kxg8
{ abandon }0-1

[Event "Défi( 10J+24H/c 10J Max )"]
[Site "www.echecsemail.com"]
[Date "2026.02.09"]
[Round "1"]
[White "Gambitor"]
[Black "Patau"]
[WhiteElo "1540"]
[BlackElo "1710"]
[Result "0-1"]
1.d4 d5
2.c4 e6
3.Nb1c3 Ng8f6
4.Bc1g5 h6
5.Bg5h4 Bf8e7
6.Ng1f3 O-O
7.e3 c5
8.dxc5 Be7xc5
9.Bf1d3 dxc4
10.Bd3xc4 Qd8xd1
11.Ra1xd1 Bc8d7
12.O-O Bd7c6
13.Nf3e5 Nb8d7
14.Ne5xc6 bxc6
15.a3 Nd7e5
16.Nc3a4 Ne5xc4
17.Na4xc5 Nc4xb2
18.Rd1d6 Nb2c4
19.Rd6xc6 Nc4xa3
20.Bh4xf6 gxf6
21.Nc5e4 Rf8c8
22.Rf1c1 Rc8xc6
23.Rc1xc6 Na3b5
24.Ne4xf6 Kg7
25.Nf6h5 Kg6
26.Rc6c5 Ra8d8
27.h3 Rd8d1
28.Kh2 a6
29.Nh5f4 Kg7
30.Nf4h5 Kg6
31.Nh5f4 Kf6
32.f3 Rd1e1
33.e4 Nb5d4
34.Rc5a5 Nd4e2
35.Nf4xe2 Re1xe2
36.Ra5xa6 h5
37.Ra6a5 Kg6
38.Ra5e5 h4
39.f4 Kf6
40.Re5h5 Re2xe4
41.g3 Re4e2
42.Kg1 hxg3
43.Rh5g5 Re2f2
44.Rg5xg3 Rf2xf4
45.Kg2 Kf5
46.Rg3g7 f6
47.Kg3 e5
48.h4 Rf4f1
49.Kg2 Rf1f4
50.Kh3 e4
51.h5 e3
52.h6 e2
53.h7 e1Q
{ abandon }0-1

[Event "Coupe Niveau 5"]
[Site "www.echecsemail.com"]
[Date "2026.02.09"]
[Round "1"]
[White "Tahar"]
[Black "Abc47"]
[WhiteElo "1990"]
[BlackElo "2170"]
[Result "0-1"]
1.e4 e5
2.Bf1c4 Ng8f6
3.Nb1c3 Bf8c5
4.Ng1f3 d6
5.h3 Nb8c6
6.a4 O-O
7.d3 Bc8e6
8.Bc4a2 Nc6d4
9.O-O Qd8d7
10.Ba2xe6 Nd4xe6
11.Nc3e2 Nf6h5
12.d4 exd4
13.Ne2xd4 Nh5f6
14.Rf1e1 Rf8e8
15.Bc1g5 Ne6xd4
16.Nf3xd4 Nf6xe4
17.Bg5e3 Re8e7
18.Nd4f3 Bc5xe3
19.Re1xe3 Ra8e8
20.Qd1e2 Ne4f6
21.Re3xe7 Qd7xe7
22.Qe2b5 Qe7e2
23.Nf3d4 Qe2xb5
24.Nd4xb5 a6
25.Nb5c3 Kf8
26.Kf1 Nf6e4
27.Nc3d5 c6
28.Nd5e3 d5
29.c3 Ne4d2
30.Ke2 Nd2c4
31.b3 Nc4xe3
32.fxe3 Re8e6
33.Ra1f1 b6
34.Kd3 c5
35.Rf1f4 f6
36.h4 Ke7
37.g4 g6
38.Rf4f3 Re6e4
39.Rf3f4 Re4xf4
40.exf4 Ke6
41.Ke3 h6
42.Kd3 g5
43.hxg5 hxg5
44.fxg5 fxg5
45.Ke3 Ke5
46.b4 cxb4
47.cxb4 d4
48.Kf3 Kd5
49.Ke2 Ke4
50.Kd2 d3
51.Ke1 Ke3
52.Kd1 d2
{ abandon }0-1